| 000 | 00503nam a2200181Ia 4500 | ||
|---|---|---|---|
| 001 | 4408 | ||
| 005 | 20260306145754.0 | ||
| 008 | 260306t2020||||xx |||||||||||||| ||spa|| | ||
| 041 | _aESP | ||
| 082 |
_a321.8 _bC32 |
||
| 100 |
_aCastellanos Claramunt, Jorge, _eAUT |
||
| 245 | 0 |
_aParticipación ciudadana y buen gobierno democrático : _bposibilidades y límites en la era digital |
|
| 260 | _c2020 | ||
| 300 |
_a406 páginas : _c24 cm. |
||
| 650 | _aGEN | ||
| 654 | _aCHU | ||
| 942 |
_cLIB _dJUS _fJUS _2ddc _n |
||
| 999 |
_c4408 _d4408 |
||